000 00785nas a2200241 4500
001 BR9601791
003 BR-BrBNA
005 20231205095145.0
007 ta
008 230509b bl.|||p| |||| 00| 00por d
040 _aBR-BrBNA
_bpor
_cBiblioteca Nacional de Agricultura
041 _a(Pt)
072 _aF02
100 1 _aAlbuquerque, T.C.S. de
100 1 _aChoudhury, E.N.
245 1 _aInfluencia da remocao das gemas basais e do substrato na formacao de mudas do porta-enxerto de videira Cv. tropical
650 _aUva
650 _aEnraizamento de Estaca
650 _aPorta Enxerto
773 0 _tRevista Brasileira de Fruticultura (Brazil)
_xISSN 0100-2945
_g(1993), v. 15(1) p. 193-197
_wBR9601791
909 _a202311
_bLúcia
_c55
_dLúcia Elande
942 _2AGRIS
_n0
_cANA
999 _c148962
_d148962